Homestuck Characters - Statistics

General Stats
  • This quiz has been taken 75 times
  • The average score is 75 of 401
Answer Stats
Group Hint Answer % Correct
John Last Name Egbert
92%
John Text Color Blue
73%
John Handle ectoBiologist, ghostyTrickster
73%
John Guardian/Lusus Dad
62%
Dave Last Name Strider
59%
Rose Last Name Lalonde
57%
Dave Text Color Red
57%
John Entry Chain Order 1st
54%
Rose Text Color Orchid
54%
Karkat Last Name Vantas
54%
Dave Guardian/Lusus Bro
51%
Dave Sprite Crowsprite, Calsprite, Davesprite
51%
John Kind Abstratus Hammerkind
51%
Karkat Text Color Iron
51%
Dave Classpect Knight of Time
51%
Jade Last Name Harley
49%
John Sprite Nannasprite
49%
Dave Entry Chain Order 3rd
46%
John Classpect Heir of Breath
46%
Rose Guardian/Lusus Mom
46%
John Fetch Modus Stack, Queue, Array, Queuestack, Queuestack Array, Wallet
46%
Dave Handle turntechGodhead
46%
Dave Kind Abstratus Bladekind
43%
Dave Lunar Sway Derse
43%
Dave Dancestor Dirk
43%
Jade Text Color Green
43%
Karkat Dancestor Kankri
43%
Dave Land Land of Heat and Clockwork
43%
Gamzee Last Name Makara
43%
John Lunar Sway Prospit
43%
Gamzee Text Color Purple
43%
Rose Handle tentacleTherapist
43%
Jade Classpect Witch of Space
43%
Rose Entry Chain Order 2nd
41%
Jade Guardian/Lusus Becquerel
41%
Karkat Sign Cancer
41%
Sollux Last Name Captor
41%
Sollux Text Color Gold
41%
Karkat Classpect Knight of Blood
41%
Karkat Kind Abstratus Sicklekind
41%
Karkat Entry Chain Order 1st
38%
Jade Entry Chain Order 4th
38%
Karkat Guardian/Lusus Crabdad
38%
Sollux Lunar Sway Derse
38%
Rose Sprite Jaspersprite
38%
Gamzee Dancestor Kurloz
38%
Terezi Last Name Pyrope
38%
Rose Classpect Seer of Light
38%
Terezi Text Color Teal
38%
Karkat Ancestor The Sufferer, The Signless
38%
Terezi Entry Chain Order 2nd
35%
Jade Sprite Becsprite, Jadesprite
35%
Dave Ancestor Bro
35%
Terezi Kind Abstratus Canekind
35%
Karkat Handle carcinoGeneticist
35%
Terezi Dancestor Latula
35%
Sollux Dancestor Mituna
35%
Karkat Lunar Sway Prospit
35%
Terezi Lunar Sway Prospit
35%
John Exile Wayward Vagabond, Warweary Villein, Wastelandic Vindicator, Wizardly Vassal
35%
Sollux Entry Chain Order 12th
32%
Eridan Last Name Ampora
32%
Gamzee Sign Capricorn
32%
Rose Lunar Sway Derse
32%
Terezi Guardian/Lusus Dragon Lusus
32%
Sollux Sign Gemini
32%
Terezi Sign Libra
32%
Rose Kind Abstratus Needlekind
32%
Jade Lunar Sway Prospit
32%
Eridan Text Color Violet
32%
Gamzee Entry Chain Order 3rd
30%
Nepeta Lunar Sway Derse
30%
Eridan Lunar Sway Derse
30%
Jade Handle gardenGnostic
30%
John Land Land of Wind and Shade
30%
Nepeta Last Name Leijon
30%
Gamzee Lunar Sway Prospit
30%
Jade Kind Abstratus Riflekind
30%
Rose Dancestor Roxy
30%
Dave Sign Sagiries
30%
Eridan Guardian/Lusus Seahorse Lusus
30%
Vriska Last Name Serket
30%
Gamzee Handle terminallyCapricious
30%
Eridan Entry Chain Order 10th
27%
Nepeta Entry Chain Order 9th
27%
John Sign Arus
27%
Gamzee Classpect Bard of Rage
27%
Dave Scratch Counterpart Bro
27%
Eridan Dancestor Cronus
27%
Jade Dancestor Jake
27%
John Dancestor Jane
27%
Jade Land Land of Frost and Frogs
27%
Rose Land Land of Light and Rain
27%
Kanaya Last Name Maryam
27%
Terezi Ancestor Neophyte Redglare
27%
Tavros Last Name Nitram
27%
Nepeta Text Color Olive
27%
Kanaya Dancestor Porrim
27%
Nepeta Guardian/Lusus Pounce de Leon
27%
Tavros Lunar Sway Prospit
27%
Tavros Dancestor Rufioh
27%
Terezi Classpect Seer of Mind
27%
Gamzee Ancestor The Grand Highblood
27%
Sollux Ancestor The Ψiioniic, The Helmsman
27%
Rose Fetch Modus Tree
27%
Eridan Sign Aquarius
24%
Vriska Dancestor Aranea
24%
Tavros Text Color Bronze
24%
Nepeta Kind Abstratus Clawkind
24%
Jane Last Name Crocker
24%
Jane Text Color Cyan
24%
Aradia Dancestor Damara
24%
Aradia Lunar Sway Derse
24%
Equius Lunar Sway Derse
24%
Jake Last Name English
24%
Terezi Handle gallowsCalibrator
24%
Gamzee Guardian/Lusus Goat Lusus
24%
Kanaya Text Color Jade
24%
Jade Fetch Modus Memory, Jenga, Pictionary
24%
Nepeta Dancestor Meulin
24%
Vriska Lunar Sway Prospit
24%
Kanaya Lunar Sway Prospit
24%
Aradia Text Color Rust
24%
Karkat Exile Spades Slick, Scurrilous Straggler, Jack Noir
24%
Dirk Last Name Strider
24%
Nepeta Ancestor The Disciple
24%
Tavros Guardian/Lusus Tinkerbull
24%
Tavros Entry Chain Order 4th
22%
Vriska Entry Chain Order 5th
22%
Kanaya Entry Chain Order 6th
22%
Equius Entry Chain Order 7th
22%
Aradia Entry Chain Order 8th
22%
Nepeta Handle arsenicCatnip
22%
Eridan Handle caligulasAquarium
22%
Equius Handle centaursTesticle
22%
Vriska Text Color Cobalt
22%
Feferi Lunar Sway Derse
22%
Vriska Kind Abstratus Dicekind
22%
Jake Text Color Emerald
22%
Jade Ancestor Grandpa
22%
Equius Dancestor Horuss
22%
Equius Text Color Indigo
22%
Jane Dancestor John
22%
Roxy Last Name Lalonde
22%
Nepeta Sign Leo
22%
Sollux Classpect Mage of Doom
22%
Aradia Last Name Megido
22%
Dirk Text Color Orange
22%
Tavros Classpect Page of Breath
22%
Feferi Last Name Peixes
22%
Eridan Classpect Prince of Hope
22%
Jane Lunar Sway Prospit
22%
Eridan Kind Abstratus Riflekind
22%
Rose Sign Sagipia
22%
Equius Sign Sagittarius
22%
Vriska Guardian/Lusus Spidermom
22%
Tavros Sign Taurus
22%
Sollux Handle twinArmageddons
22%
Equius Last Name Zahhak
22%
Feferi Entry Chain Order 11th
19%
Jane Entry Chain Order 1st
19%
Jake Kind Abstratus 2xpistolkind
19%
Jake Entry Chain Order 3rd
19%
Tavros Handle adiosToreador
19%
Vriska Handle arachnidsGrip
19%
Aradia Sign Aries
19%
Sollux Guardian/Lusus Bicyclops
19%
Gamzee Kind Abstratus Clubkind
19%
Jane Guardian/Lusus Dad
19%
Equius Ancestor Darkleer, The Expatri8, The E%ecutor
19%
Terezi Sprite Dragonsprite
19%
Dave Fetch Modus Hash Map
19%
Feferi Ancestor Her Imperious Condescension, The Condesce
19%
Vriska Ancestor Marquise Spinneret Mindfang
19%
Feferi Dancestor Meenah
19%
Rose Ancestor Mom
19%
Eridan Ancestor Orphaner Dualscar
19%
Feferi Sign Pisces
19%
Vriska Sign Scorpio
19%
Terezi Fetch Modus Scratch and Sniff
19%
Jane Kind Abstratus Spoonkind, Forkkind
19%
Kanaya Sign Virgo
19%
Dave Exile Aimless Renegade, Authority Regulator, Armaments Regent
16%
Cronus Last Name Ampora
16%
Equius Guardian/Lusus Aurthour
16%
Kankri Sign Cancer
16%
Kankri Text Color Candy Red
16%
Mituna Last Name Captor
16%
Feferi Handle cuttlefishCuller
16%
Cronus Lunar Sway Derse
16%
Mituna Lunar Sway Derse
16%
Cronus Dancestor Eridan
16%
Aradia Sprite Frogsprite, Aradiasprite
16%
Jade Scratch Counterpart Grandma
16%
Kanaya Handle grimAuxiliatrix
16%
Jane Handle gutsyGumshoe
16%
Jake Dancestor Jade
16%
Kankri Dancestor Karkat
16%
Tavros Kind Abstratus Lancekind
16%
Gamzee Land Land of Tents and Mirth
16%
Jane Classpect Maid of Life
16%
Kanaya Kind Abstratus Makeupkind, Chainsawkind
16%
Gamzee Fetch Modus Miracle
16%
Rose Scratch Counterpart Mom
16%
John Ancestor Nanna
16%
Jane Scratch Counterpart Nanna
16%
Jade Exile Peregrine Mendicant, Parcel Mistress, Prospitian Monarch
16%
Jake Lunar Sway Prospit
16%
Kankri Lunar Sway Prospit
16%
Mituna Dancestor Sollux
16%
Kanaya Classpect Sylph of Space
16%
Aradia Ancestor The Handmaid
16%
Tavros Ancestor The Summoner
16%
Vriska Classpect Thief of Light
16%
John Denizen Typheus
16%
Kankri Last Name Vantas
16%
Kanaya Guardian/Lusus Virgin Mother Grub
16%
Rose Exile Windswept Questant, White Queen
16%
Feferi Classpect Witch of Life
16%
Feferi Kind Abstratus 2x3dentkind
14%
Aradia Handle apocalypseArisen
14%
Cronus Sign Aquarius
14%
Mituna Guardian/Lusus Biclops Dad
14%
Dirk Kind Abstratus Bladekind
14%
Equius Kind Abstratus Bowkind
14%
Dirk Ancestor Bro
14%
Sollux Exile Clubs Deuce, Courtyard Droll
14%
Roxy Lunar Sway Derse
14%
Jade Denizen Echidna
14%
Feferi Text Color Fuchsia
14%
Mituna Sign Gemini
14%
Mituna Text Color Gold
14%
Tavros Exile Hearts Boxcars, Hegemonic Brute
14%
Equius Classpect Heir of Void
14%
Eridan Land Land of Wrath and Angels
14%
Aradia Classpect Maid of Time
14%
Kurloz Last Name Makara
14%
Kanaya Sprite Mothersprite
14%
Cronus Scratch Counterpart Orphaner Dualscar
14%
Nepeta Classpect Rogue of Heart
14%
Roxy Dancestor Rose
14%
Jade Sign Sagigo
14%
Cronus Guardian/Lusus Seahorse Dad
14%
Kankri Classpect Seer of Blood
14%
Kanaya Ancestor The Dolorosa
14%
Mituna Scratch Counterpart The Ψiioniic, The Helmsman
14%
Kankri Scratch Counterpart The Sufferer, The Signless
14%
Cronus Text Color Violet
14%
Dirk Entry Chain Order 2nd
11%
Roxy Entry Chain Order 4th
11%
Vriska Fetch Modus 8 Ball
11%
Cronus Classpect Bard of Hope
11%
Dirk Dancestor Dave
11%
Dirk Lunar Sway Derse
11%
Aradia Exile Diamonds Droog, Draconian Dignitary
11%
Kanaya Denizen Echidna
11%
Karkat Fetch Modus Encryption
11%
Feferi Guardian/Lusus Gl'bgolyb
11%
Jake Ancestor Grandma
11%
Jake Scratch Counterpart Grandpa
11%
Mituna Classpect Heir of Doom
11%
Dave Denizen Hephaestus
11%
Jane Land Land of Crypts and Helium
11%
Nepeta Land Land of Little Cubes and Tea
11%
Vriska Land Land of Maps and Treasure
11%
Meulin Last Name Leijon
11%
Meulin Sign Leo
11%
Meulin Dancestor Nepeta
11%
Meulin Text Color Olive
11%
Jake Classpect Page of Hope
11%
Roxy Text Color Pink
11%
John Scratch Counterpart Poppop
11%
Jane Ancestor Poppop
11%
Kurloz Lunar Sway Prospit
11%
Kurloz Text Color Purple
11%
Aradia Guardian/Lusus Ram Lusus
11%
Vriska Exile Snowman, Black Queen, Banished Quasiroyal
11%
Latula Dancestor Terezi
11%
Aradia Kind Abstratus Whipkind
11%
Jane Sign Arsci
8%
Dirk Scratch Counterpart Bro
8%
Kurloz Sign Capricorn
8%
Meulin Lunar Sway Derse
8%
Kurloz Dancestor Gamzee
8%
Feferi Sprite Gl'bgolybsprite
8%
Sollux Land Land of Brains and Fire
8%
Kanaya Land Land of Rays and Frogs
8%
Terezi Land Land of Thought and Flow
8%
Latula Sign Libra
8%
Roxy Ancestor Mom
8%
Roxy Scratch Counterpart Mom
8%
Latula Scratch Counterpart Neophyte Redglare
8%
Rufioh Last Name Nitram
8%
Latula Lunar Sway Prospit
8%
Rufioh Lunar Sway Prospit
8%
Jake Fetch Modus Puzzle
8%
Latula Last Name Pyrope
8%
Jane Sprite Tavrisprite, Tavrosprite, Gcatavrosprite
8%
Caliborn Entry Chain Order 1st
5%
Rufioh Text Color Bronze
5%
Meulin Guardian/Lusus Cat Mom
5%
Rose Denizen Cetus
5%
Meenah Lunar Sway Derse
5%
Caliborn Lunar Sway Derse
5%
Horuss Lunar Sway Derse
5%
Damara Lunar Sway Derse
5%
Latula Guardian/Lusus Dragon Lusus
5%
Sollux Fetch Modus Encryption
5%
Dirk Sprite Equiusprite, Arquiusprite
5%
Rufioh Guardian/Lusus Fairy Bull
5%
Meenah Dancestor Feferi
5%
Meenah Text Color Fuchsia
5%
Latula Classpect Knight of Mind
5%
Equius Land Land of Caves and Silence
5%
Feferi Land Land of Dew and Glass
5%
Karkat Land Land of Pulse and Haze
5%
Aradia Land Land of Quartz and Melody
5%
Tavros Land Land of Sand and Zephyr
5%
Calliope Text Color Light Gray
5%
Dirk Classpect Prince of Heart
5%
Aranea Lunar Sway Prospit
5%
Calliope Lunar Sway Prospit
5%
Porrim Lunar Sway Prospit
5%
Jane Fetch Modus Recipe, Wallet
5%
Terezi Exile Snowman, Black Queen, Banished Quasiroyal
5%
Rufioh Sign Taurus
5%
Rufioh Dancestor Tavros
5%
Latula Text Color Teal
5%
Dirk Fetch Modus Tech-Hop
5%
Meulin Scratch Counterpart The Disciple
5%
Kurloz Scratch Counterpart The Grand Highblood
5%
Rufioh Scratch Counterpart The Summoner
5%
Dirk Handle timaeusTestified
5%
Roxy Handle tipsyGnostalgic
5%
Meenah Kind Abstratus 2x3dentkind
3%
Damara Dancestor Aradia
3%
Damara Sign Aries
3%
Vriska Denizen Cetus
3%
Kanaya Fetch Modus Chastity
3%
Aranea Text Color Cobalt
3%
Caliborn Text Color Dark Gray, Lime
3%
Horuss Scratch Counterpart Darkleer, The Expatri8, The E%ecutor
3%
Horuss Dancestor Equius
3%
Jake Sprite Erisolsprite, Nepetasprite, Davepetasprite^2
3%
Meenah Scratch Counterpart Her Imperious Condescension, The Condesce
3%
Horuss Text Color Indigo
3%
Porrim Text Color Jade
3%
Porrim Dancestor Kanaya
3%
Jake Land Land of Mounds and Xenon
3%
Caliborn Classpect Lord of Time
3%
Meulin Classpect Mage of Heart
3%
Porrim Classpect Maid of Space
3%
Aranea Scratch Counterpart Marquise Spinneret Mindfang
3%
Porrim Last Name Maryam
3%
Damara Last Name Megido
3%
Roxy Fetch Modus Message in a Bottle
3%
Calliope Classpect Muse of Space
3%
Damara Kind Abstratus Needlekind
3%
Aradia Fetch Modus Ouija
3%
Horuss Classpect Page of Void
3%
Meenah Last Name Peixes
3%
Meenah Sign Pisces
3%
Kurloz Classpect Prince of Rage
3%
Roxy Kind Abstratus Riflekind
3%
Rufioh Classpect Rogue of Breath
3%
Roxy Classpect Rogue of Void
3%
Damara Text Color Rust
3%
Jake Sign Saginius
3%
Dirk Sign Sagio
3%
Horuss Sign Sagittarius
3%
Aranea Sign Scorpio
3%
Aranea Last Name Serket
3%
Aranea Classpect Sylph of Light
3%
Porrim Scratch Counterpart The Dolorosa
3%
Damara Scratch Counterpart The Handmaid
3%
Meenah Classpect Thief of Life
3%
Calliope Handle uranianUmbra
3%
Porrim Sign Virgo
3%
Aranea Dancestor Vriska
3%
Damara Classpect Witch of Time
3%
Horuss Last Name Zahhak
3%
Jake Denizen Abraxas
0%
Calliope Sign Caduceus
0%
Aranea Denizen Echidna
0%
Calliope Denizen Echidna
0%
Roxy Sprite Fefetasprite, Rosesprite, Jasprosesprite^2
0%
Jake Handle golgothasTerror
0%
Jane Denizen Hemera
0%
Calliope Fetch Modus Juju
0%
Caliborn Fetch Modus Juju
0%
Caliborn Land Land of Colours and Mayhem
0%
Roxy Land Land of Pyramids and Neon
0%
Dirk Land Land of Tombs and Krypton
0%
Roxy Denizen Nix
0%
Caliborn Sign Ophiuchus
0%
Caliborn Kind Abstratus Riflekind
0%
Roxy Sign Sagittarius
0%
Caliborn Handle undyingUmbrage
0%
Calliope Kind Abstratus Wandkind, Pistolkind
0%
Dirk Denizen Yaldabaoth
0%
Caliborn Denizen Yaldabaoth
0%
No matching quizzes found
Score Distribution
Percent of People with Each Score
Percentile by Number Answered
Your Score History
You have not taken this quiz